Minnesota Timberwolves Playoffs Starters - Statistics

General Stats
  • This quiz has been taken 439 times
    127 since last reset
  • The average score is 13 of 33
Answer Stats
Player % Correct
Anthony Edwards
100%
Karl-Anthony Towns
99%
Kevin Garnett
95%
Rudy Gobert
95%
Julius Randle
93%
Mike Conley
92%
Jaden McDaniels
83%
Sam Cassell
68%
Jimmy Butler
67%
Andrew Wiggins
64%
D'Angelo Russell
49%
Wally Szczerbiak
49%
Jeff Teague
40%
Latrell Sprewell
35%
Stephon Marbury
32%
Patrick Beverley
28%
Ervin Johnson
27%
Tom Gugliotta
27%
Jarred Vanderbilt
26%
Nickeil Alexander-Walker
23%
Taj Gibson
23%
Terrell Brandon
18%
Joe Smith
17%
Trenton Hassell
14%
Rasho Nesterović
11%
Chauncey Billups
10%
Sam Mitchell
10%
Anthony Peeler
9%
Doug West
7%
Malik Sealy
7%
Troy Hudson
7%
Dean Garrett
6%
Terry Porter
3%
No matching quizzes found
Score Distribution
Percent of People with Each Score
Percentile by Number Answered
Your Score History
You have not taken this quiz since the last reset